| 000 | 00509nam a2200181Ia 4500 | ||
|---|---|---|---|
| 008 | 230917s9999||||xx |||||||||||||| ||und|| | ||
| 020 | _cRS799 | ||
| 040 |
_e243595 _aMAIN |
||
| 041 | _aEnglish | ||
| 082 | _a660.2969 S61I(7) | ||
| 100 | _aSmith, J M | ||
| 245 | 0 | _aIntroduction to chemical engineering thermodynamics | |
| 250 | _a7th ed. | ||
| 260 |
_aChennai _bMcGraw Hill Education (India) _c2017 |
||
| 300 | _axvii, 801 p. | ||
| 500 | _a2943 27/11/2017 HBD17/7108 05/12/2017 UIET (SFS) | ||
| 942 | _cBK | ||
| 999 |
_c24683 _d24683 |
||